Giáo trình tin học ứng dụng II : Nhập môn lập trinh Visual Basic 6.0

Đã lưu trong:
Sonraí Bibleagrafaíochta
Príomhúdar: Phạm, Liên Hương
Formáid: Leabhar
Teanga:Undetermined
Foilsithe: Hà Nội Đại học Sư phạm 2005
Ábhair:
Clibeanna: Cuir Clib Leis
Gan Chlibeanna, Bí ar an gcéad duine leis an taifead seo a chlibeáil!
Thư viện lưu trữ: Trung tâm Học liệu Trường Đại học Cần Thơ
LEADER 00648nam a2200205Ia 4500
001 CTU_98308
008 210402s9999 xx 000 0 und d
020 |c 22000 
082 |a 005.133 
082 |b H561 
100 |a Phạm, Liên Hương 
245 0 |a Giáo trình tin học ứng dụng II : 
245 0 |b Nhập môn lập trinh Visual Basic 6.0 
245 0 |c Phạm Liên Hương 
260 |a Hà Nội 
260 |b Đại học Sư phạm 
260 |c 2005 
650 |a Basic (Computer programs),Programming (Electronic computes) 
904 |i Tuyến 
980 |a Trung tâm Học liệu Trường Đại học Cần Thơ